000 01383nam a22003491i 4500
001 ebr10813410
003 CaPaEBR
006 m o d
007 cr cn|||||||||
008 131230s2013 enka o 001 0 eng d
020 _a9781782162353 (e-book)
020 _z9781782162346
040 _aCaPaEBR
_beng
_erda
_epn
_cCaPaEBR
035 _a(OCoLC)864382218
050 1 4 _aQA76.76.A63
_bC44 2013eb
100 1 _aChen, Xinsheng.
245 1 0 _aLiferay 6.2 user interface development /
_cXinsheng Chen, Jonas X. Yuan.
264 1 _aBirmingham :
_bPackt Publishing,
_c2013.
300 _a1 online resource (382 pages) :
_billustrations
336 _atext
_2rdacontent
337 _acomputer
_2rdamedia
338 _aonline resource
_2rdacarrier
500 _aIncludes index.
588 _aDescription based on online resource; title from PDF (ebrary, viewed December 30, 2013).
590 _aElectronic reproduction. Palo Alto, Calif. : ebrary, 2014. Available via World Wide Web. Access may be limited to ebrary affiliated libraries.
630 0 0 _aLiferay Portal (Software)
650 0 _aApplication program interfaces (Computer software)
655 0 _aElectronic books.
700 1 _aYuan, Jonas X.
797 2 _aebrary.
856 4 0 _uhttp://site.ebrary.com/lib/rucke/Doc?id=10813410
_zAn electronic book accessible through the World Wide Web; click to view
999 _c147453
_d147453